00545cam a22002054a 45000010009000000050017000090080041000260100017000670200022000840400018001060410008001240420008001320430012001400800016001520820020001681000007001881010008001952450072002035040064002751202564320180109071122.0000531s2001 nyua b 001 0 eng  a 00042841  a0321063961 (pbk.) aDLCcDLCdDLC aeng apcc an-us--- a372.43 RIC00a372.43 RIC2211 a46 aEDU10aWhat really matters for struggling readers :cRichard L. Allington. aIncludes bibliographical references (p. 149-161) and index.